000 00334nam a22001457a 4500
008 210602b ||||| |||| 00| 0 eng d
020 _a0471504882
041 _aeng
080 _22nd
_a621
082 _a621
100 _a26
101 _aMEK
245 _aMaterial Science and Engineering
_cWilliam D. Callister
942 _2udc
_cBK
999 _c57878
_d57878